00680nam a2200193 i 450000100060000000300090000600500170001500700030003200800410003510000300007624501570010625000120026326000580027530000370033370000300037070000250040070000310042585200300045644743ES-MaACL20260617125144.0t|030324s1952 sp ||||1| spa d aClaudel, Paul,d1868-195510aCorrespondenciab: 1899-1926 /cPaul Claudel y André Gide ; prólogo y notas de Robert Mallet ; [traducción del francés por J. Ferrán Mayoral]. a1ª ed. aBarcelona :bJosé Janés,c1952 (fLa Académica) a336 p. :b2 retr. aut. ;c22 cm.1 aGide, André,d1869-19511 aFerrán Mayoral, J.1 aMallet, Robert,d1915-2002 aES-MaACLjD-7762bR.32023